00298pab a2200121 454500008004000000100001900040245005100059260000900110300001100119362000800130650002700138773001100165180718b1996 xxu||||| |||| 00| 0 eng d aSrinivasan, G. aTowards more lendable resources at lower rates c1996 ap.5,10 aDec aFinancial institutions aYojana